| 000 | 00773nam a22002417a 4500 | ||
|---|---|---|---|
| 001 | 47868 | ||
| 003 | UA-OsUOA | ||
| 005 | 20210324160748.0 | ||
| 007 | ta | ||
| 008 | 20070822b un ||||| |||| 00| 0 ukr d | ||
| 040 |
_aUA-OsUOA _brus _cUA-OsUOA _dUA-OsUOA |
||
| 041 | _arus | ||
| 080 | _a82.09 | ||
| 090 |
_a82.09 _bБ88 |
||
| 100 | _aБродский Н. Л. | ||
| 245 |
_a"Евгений Онегин". Роман А. С. Пушкина _bпособие для учителей средней школы |
||
| 260 |
_aМ. _c1950 _bПросвещение |
||
| 300 | _a402 с. | ||
| 650 | 7 |
_a82 Література. Літературознавство _2UDC |
|
| 942 |
_cBK _2udc |
||
| 955 | _a1 | ||
| 999 |
_c333967 _d333967 |
||